000
00299nam a22001337a 4500
008
170424b xxu||||| |||| 00| 0 eng d
020
_a
2900030012913
041
_a
eng
080
_2
3RD
_a
54
100
_a
12
101
_a
SHM
245
_a
CHEMISTRY & CHEMICAL REACTIVITY
_c
KOTZ
942
_2
udc
_c
BK
999
_c
11639
_d
11639